Na štyri pätiny obstarávaní sa súčasný zákon nevzťahuje

Len asi na jednu pätinu verejného obstarávania sa vzťahujú pravidlá súčasného zákona o verejnom obstarávaní. Zákon sa totiž vzťahuje iba na nákupy tovarov a služieb za viac ako 500-tis. Sk a práce v hodnote vyššej ako 1 milión Sk. Príprava novely zákona, ktorá rozšíri jeho pôsobnosť. Zjednodušia sa...

Full description

Saved in:
Bibliographic Details
Main Author: Apolen, Peter
Format: Book Chapter
Language:Slovak
Subjects:
Tags: Add Tag
No Tags, Be the first to tag this record!

MARC

LEADER 00000naa a2200000 4500
001 r042282
005 20230921111545.6
041 0 |a slo 
044 |a SK 
245 1 0 |a Na štyri pätiny obstarávaní sa súčasný zákon nevzťahuje  |c Peter Apolen 
520 |a Len asi na jednu pätinu verejného obstarávania sa vzťahujú pravidlá súčasného zákona o verejnom obstarávaní. Zákon sa totiž vzťahuje iba na nákupy tovarov a služieb za viac ako 500-tis. Sk a práce v hodnote vyššej ako 1 milión Sk. Príprava novely zákona, ktorá rozšíri jeho pôsobnosť. Zjednodušia sa aj pravidlá. Pri verejnom obstarávaní sa najviac využívalo rokovacie konanie bez zverejnenia - nedostatok súťaže. Uvažuje sa o spoplatnení námietok. 
610 2 0 |a obstarávanie verejné 
610 2 0 |a zákony 
610 2 0 |a novelizácia 
610 2 0 |a rokovania obchodné 
610 2 0 |a súťaže 
610 2 0 |a Slovensko 
100 1 |a Apolen, Peter